| 000 | 00586nam a2200217 u 4500 | ||
|---|---|---|---|
| 005 | 20230602063614.0 | ||
| 008 | 170829s2005 mx r 000 0 spa d | ||
| 020 | _a970322377X | ||
| 035 | _aUPN01000220013 | ||
| 049 | _aF | ||
| 050 | 4 |
_aPQ7297 V2.8 _bC5.7 |
|
| 100 | 1 |
_aVasconcelos, José, _d1881-1959 |
|
| 245 | 1 | 3 |
_aLa cita / _cJosé Vasconcelos ; il. Alberto Beltrán. |
| 260 |
_aMéxico : _bUNAM, _c2005. |
||
| 300 |
_a30 p. : _bil. |
||
| 440 | 0 |
_aLunes ; _v15 |
|
| 500 | _aEdición facsimilar | ||
| 650 | 4 |
_aCuentos mexicanos _96937 |
|
| 905 | _aLibro | ||
| 999 |
_c192112 _d192112 |
||